ரத்தம் ஒரே நிறம்/

Saved in:
Bibliographic Details
Format: Book
Language:English
Tamil
Published: சென்னை: விசா பப்ளிக்கேஷன்ஸ்; 2023
Edition:5th
Subjects:
Tags: Add Tag
No Tags, Be the first to tag this record!

MARC

LEADER 00000nam a22000007a 4500
005 20260408154921.0
008 260408b |||||||| |||| 00| 0 eng d
041 |a tam  |h tam 
082 |a T-894.8113  |b சுஜாதா 
245 |a ரத்தம் ஒரே நிறம்/  |c சுஜாதா 
250 |a 5th 
260 |a சென்னை:  |b விசா பப்ளிக்கேஷன்ஸ்;  |c 2023 
300 |a 360 p.  |c 21.5 cm 
500 |a purchase 
650 |a கதை 
942 |c BK 
999 |c 71122  |d 71122